000 00969nam a22002651u 4500
001 06219
003 HDC
007 cr bn ---
008 211223p2016 xx fo d 00 g
040 _aHDC
100 _aAdidaya, Yoza Achmad
_eauthor
_96547
245 0 _aHalal in Japan : History, Issues and Problems :
_bThe Effect of the "Halal Boom" Phenomenon on Japanese Society and Industry /
_cby Yoza Achmad Adidaya
260 _a[No place] :
_b[publisher not identified],
_c2016
300 _a64 pages
336 _atext
_2rdacontent
337 _acomputer
_2rdamedia
338 _aonline resource
_2rdacarrier
650 _aHalal industry
_9144
650 _aHalal
_zJapan
_96548
650 _aMuslim Consumer
_zJapan
_96549
856 _zRequest full-text at [email protected]
942 _2lcc
942 _cTHE
942 _kTHES 000095
999 _c3543
_d3543